000 006440000a22001810004500
003 MACL
005 20160611131406.0
008 160611b xxu||||| |||| 00| 0 eng d
040 _aMACL
_cMACL
041 _aHindi
082 _a333
100 _aचन्‍दोला, प्रेमानन्‍द
_949863
245 _aप्रदूषण : पृथ्‍वी का ग्रहण
_cप्रेमानन्‍द चन्‍दोला
260 _bहिमाचल पुस्‍तक भंडार
_aनई दिल्‍ली
350 _a60
650 _aEnvironment
_964252
942 _cHIN
_k333
_2ddc
999 _c30364
_d30364